• 首页
  • 本馆介绍
  • 公告通知
  • 最新文献
  • 馆藏检索
  • 电子资源
  • 读者导购
  • 参考咨询
  • 我的图书馆
  • 登录
  • 详细信息显示
  • 放入我的书架
  • 预约/预借图书
  • 作者相关作品
  • 分类相关作品
  • 丛书相关作品
  • 出版社相关作品

书目信息

  • 表格格式
  • 工作单格式
  • 卡片格式
题名:
国际投资学
    
 
作者: 索尔尼克 著 ;雷巧萍 译
分册:  
出版信息: 北京   中国人民大学出版社  2004
页数: 684页
开本: 26cm
丛书名: 工商管理经典译丛. 财务与金融管理系列
单 册:
中图分类: F831.6
科图分类:
主题词: 对外投资
电子资源:
ISBN: 7-300-06099-4
000 01181nam0 2200313 450
000 01175nam0 2200301 450
000 01106nam0 2200277 450
000 01070oam2 2200265 45
005 20070725112527.79
010    @a7-300-06099-4@dCNY88.00
100    @a20070626d2004 em y0chiy0120 ea
101 1  @achi@cfre
102    @aCN@b110000
105    @ay z 000yy
200 1  @a国际投资学@AGuo Ji Tou Zi Xue@f(法)布鲁诺·索尔尼克(Bruno Solnik)著@F( Fa ) Bu Lu Nuo· Suo Er Ni Ke (Bruno Solnik) Zhu@g雷巧萍等译
205    @a4版
210    @a北京@c中国人民大学出版社@d2004
215    @a684页@d26cm
225 2  @a工商管理经典译丛. 财务与金融管理系列
305    @a培生教育出版公司授权出版据原书第4版译出
330    @a本书介绍了国际货币环境和国际投资的理论框架,重点讨论了主要投资工具(股票、债券和衍生工具)的概念和相关技术等内容。
410  0 @12001 @a工商管理经典译丛. 财务与金融管理系列
510 1  @aInternational Investments : Fourth Edition@zeng
606 0  @a对外投资
690    @aF831.6@v4
701  1 @c(法)@a索尔尼克@ASuo Er Ni Ke@g(Solnik, Bruno)@4著
702  0 @a雷巧萍@ALei Qiao Ping@4译
801  0 @aCN@bTAOJIN@c20070725
905    @a10447@dF831.6@e26=4
    
    国际投资学/(法)布鲁诺·索尔尼克(Bruno Solnik)著/雷巧萍等译.-4版.-北京:中国人民大学出版社,2004
    684页;26cm.-(工商管理经典译丛. 财务与金融管理系列)
    
    
    ISBN 7-300-06099-4:CNY88.00
    本书介绍了国际货币环境和国际投资的理论框架,重点讨论了主要投资工具(股票、债券和衍生工具)的概念和相关技术等内容。
●
相关链接 在E读中查询图书 在五车中查询图书 在当当中查询图书 在豆瓣中查询图书


正题名:国际投资学     索取号:F831.6/26=4         预约/预借

序号 登录号 条形码 馆藏地/架位号 状态 备注
1 0824689   208246897   第一样本阅览室/ [索取号:F831.6/26=4] 在馆    
2 0824690   208246904   第一借阅区/ [索取号:F831.6/26=4] 在馆    
3 0824691   208246913   密集书库/ [索取号:F831.6/26=4] 在馆    
4 0824692   208246922   第一借阅区/ [索取号:F831.6/26=4] 在馆    
5 0824693   208246931   第一借阅区/ [索取号:F831.6/26=4] 在馆    
6 0824694   208246940   第一借阅区/ [索取号:F831.6/26=4] 在馆    
7 0824695   208246959   密集书库/ [索取号:F831.6/26=4] 在馆    
8 0824696   208246968   密集书库/ [索取号:F831.6/26=4] 在馆    
唐山师范学院图书馆 欢迎您!
大连网信软件有限公司© 版权所有